LEADER 01553nam a2200349 a 4500 001 000000155339 003 CaOOAMICUS 005 20161020114647.0 008 161020s2015 fr u000 u fre r 020 $a979-10-90429-67-3* 032 $aLibriCat 040 $aPUL$bita 082 04$a346.436 110 1 $aAustria.$0(OLS)http://pul/name/6387 245 13$aLe Code civil autrichien (ABGB) :$bun autre bicentenaire (1811-2011) /$csous la direction de Franz-Stefan Meissel et Laurent Pfister. 260 $aParis :$bEditions Pantheon-Assas,$c©2015. 300 $a177 p. ;$c24 cm. 490 1 $aColloques 500 $aIn testa al front.: Université Pantheon-Assas. 650 4$aDiritto civile$zAustria.$0(OLS)http://pul/subject/18032 700 1 $aMeissel, Franz-Stefan.$0(OLS)http://pul/name/98923 700 1 $aPfister, Laurent.$0(OLS)http://pul/name/98924 710 2 $aUniversité Pantheon-Assas.$0(OLS)http://pul/name/98925 830 0$aColloques.$0(OLS)http://pul/title/194991 850 $aPUL 852 $aPUL$W1$xSL Diritto e Scienze Sociali 3$y79$m346. 436 MEIFR 1$j178415$qDDC 21$B181629$CPULBib$Z2$F181629 $H128238 $81 941 1 $a9 996 $6020$a979-10-90429-67-3*$9(OLS)http://pul/number/161362 996 $6082$a346.436$9(OLS)http://pul/classification/2991 996 $6245$aLe Code civil autrichien (ABGB) :$bun autre bicentenaire (1811-2011)$9(OLS)http://pul/title/194990 996 $6260$aParis :$bEditions Pantheon-Assas$9(OLS)http://pul/publisher/85561 LEADER 01284nam a2200313 a 4500 001 000000128852 003 CaOOAMICUS 005 20120514115625.0 008 120514s2012 vc u000 u ita r 020 $a978-88-465-0806-5 040 $aPUL$bita 082 04$a195 100 1 $aCaltagirone, Calogero,$csacerdote,$d1961-$0(OLS)http://pul/name/65911 245 10$aNicola Abbagnano /$cCalogero Caltagirone. 260 $aCittà del Vaticano :$bLateran University Press,$c©2012. 300 $a358 p. ;$c21 cm. 490 1 $aFilosofi italiani del Novecento ;$v1 504 $aBibliografia: p. 323-348. 600 14$aAbbagnano, Nicola,$d1901-1990$xEsistenzialismo.$0(OLS)http://pul/subject/38670 830 0$aFilosofi italiani del Novecento ;$v1.$0(OLS)http://pul/title/162823 850 $aPUL 852 $aPUL$W1$xSL Filosofia 3$y81$m195 COLL 1.1$j149192$qDDC 21$B147757$CPULBib$Z2$F147757 $H119865 $82 941 1 $a9 983 0$aFIN. 996 $6020$a978-88-465-0806-5$9(OLS)http://pul/number/149651 996 $6082$a195$9(OLS)http://pul/classification/342 996 $6245$aNicola Abbagnano$9(OLS)http://pul/title/162822 996 $6260$aCittà del Vaticano :$bLateran University Press$9(OLS)http://pul/publisher/74585